| 000 | 00658nam a2200217 i 4500 | ||
|---|---|---|---|
| 001 | 17629 | ||
| 003 | ES-MaACL | ||
| 005 | 20240131063027.0 | ||
| 007 | t| | ||
| 008 | 010411s2000 sp |||| | spa j | ||
| 020 | _a84-01-32833-0 | ||
| 080 | _a821.134.2-31"19" | ||
| 100 | 1 |
_aReverte, Javier, _d1944-2020 _978353 |
|
| 245 | 1 | 0 |
_aTrilogía de Centroamérica / _cJavier Reverte. |
| 250 | _a1ª ed. | ||
| 260 |
_aBarcelona : _bPlaza & Janés, _c2000. |
||
| 300 |
_a600 p ; _c24 cm. |
||
| 505 | 8 | _aContiene: Los dioses debajo de la lluvia ; El aroma del copal ; El hombre de la guerra | |
| 852 |
_aES-MaACL _jL-24522 |
||
| 999 |
_c17629 _d17629 |
||